000 00755nam a2200229 a 4500
001 21800
003 CO-ViMGA
008 141112s2004 ck r 000 u spa d
020 _a9681670469
040 _aCO-ViMGA
_bspa
_cCO-ViMGA
082 0 4 _aISOs
100 1 _aIsol,
245 1 0 _aSecretos de familia
260 _aMexico :
_bFondo de cultura económica,
_c2003
300 _a48
490 _aColección los primerísimos
590 _aForma de adquisición : Donación fact. 8861 - - Precio : 17000 - - Proveedor : Fundación exito - - Fecha de adquisición : Julio 2007
650 1 4 _aCUENTOS INFANTILES ARGENTINOS
_916313
650 1 4 _aFAMILIA - CUENTOS INFANTILES
_931098
650 1 4 _aSECRETOS - CUENTOS INFANTILES
_931099
942 _2ddc
_cBK
999 _c30350
_d30350